Going mobile [ developing apps for your library using basic HTML programming

Bibliographic Details
Main Author: La Counte, Scott , 1978- (Author)
Format: Electronic Book
Language:English
Published: Chicago : American Library Association , c2012
Series:ALA editions. Special reports
Subjects:

MARC

LEADER 00000cam a2200000 7i4500
001 0000086096
005 20140317093000.0
008 140105s2012 ilu eng
020 |a 0838911293 
020 |a 97808138993187 (e-book) 
020 |a 9780838911297 
050 0 0 |a Z680.5   |b .L33 2012 
090 0 0 |a Z680.5   |b .L33 2012 
100 1 |a La Counte, Scott ,   |d 1978- ,   |e author 
245 1 0 |a Going mobile [  |h [electronic resource]] :   |b developing apps for your library using basic HTML programming   |c Scott La Counte 
260 |a Chicago :   |b American Library Association ,   |c c2012 
300 |a 1 online resource (vi, 52 p.) :   |b ill 
490 1 |a ALA editions. Special reports 
504 |a Includes bibliographical references 
505 0 |a 1. Before you begin -- 2. Developing a mobile Web application -- 3. Using CSS -- 4. JavaScript and mobile website design -- 5. Phonegap -- 6. Building your first native app -- 7. Beyond the basics -- 8. Other ways to go mobile 
650 0 |a Application software   |x Development 
650 0 |a Library Web sites   |x Design 
650 0 |a Mobile communication systems   |x Library applications 
650 0 |a Mobile computing 
650 0 |a Smartphones   |x Programming 
856 4 0 |3 http://web.a.ebscohost.com/ehost/ebookviewer/ebook/bmxlYmtfXzM5MDMyMF9fQU41?sid=6f7eee40-d0ac-44e6-9778-97ca258e961a@sessionmgr4005&vid=3&format=EB&rid=1 
999 |a 1000160493   |b Electronic Resource   |c Electronic Resource   |e Gong Badak Campus